El cura instruido. Obra en que se le muestra al confesor nuevo la práctica de administrar, con fruto, el sacramento de la penitencia

Detalles Bibliográficos
Autor principal: SEÑERI, Pablo
Formato: Libro
Publicado: Madrid 1695
Materias:
Colección:Banco de datos
Acervo:Biblioteca del Ex Convento de Nuestra Señora de Guadalupe. Zacatecas
Tema general:Pastoral
Notas:Buena. XIV,1,26 (4690)
LEADER 00786nam a22001930004500
035 |a 46161 
036 |a 7345 
100 1 |a SEÑERI, Pablo 
245 1 0 |a El cura instruido. Obra en que se le muestra al confesor nuevo la práctica de administrar, con fruto, el sacramento de la penitencia  |c tr. Juan de Espínola Baeza Echaburú 
260 |a Madrid  |b imp. Juan García Infanzón  |c 1695 
500 |a Buena. XIV,1,26 (4690) 
650 1 0 |a Pastoral 
949 |a CRZ-CG 
959 |a Ex convento de Nuestra Señora de Guadalupe, Museo Regional de Zacatecas, Zacatecas  |b CCC4 
960 |a Convento de Nuestra Señora de Guadalupe, Zacatecas  |b DD87 
961 |a Franciscana  |b OF 
942 |c CRZ-CG 
943 |g Biblioteca del Ex Convento de Nuestra Señora de Guadalupe. Zacatecas 
999 |c 970288  |d 970288